Score 0/20 Timer 02:00
1 Play Today
Neil Diamond Song Missing Word % Correct
___ CarolineSweet
95.1%
___ York BoyNew
91.2%
Girl, You'll Be a ___ SoonWoman
81.3%
On the ___ E. LeeRobert
74%
___ Only KnowsGod
73.1%
___ on the RocksLove
72.2%
Red, Red ___Wine
66.6%
Solitary ___Man
66.1%
Song Sung ___Blue
65.6%
You Don't Bring Me ___Flowers
65.2%
Neil Diamond Song Missing Word % Correct
Forever in Blue ___Jeans
63.1%
Cherry, ___Cherry
58.7%
I Am... I ___Said
48.2%
___ RosieCracklin'
44.3%
September ___Morn
39.5%
Hello ___Again
33.4%
Holly ___Holy
29.8%
I'm a ___Believer
27.7%
Play ___Me
23.9%
___-Bit ManchildTwo
23.7%

Today's Daily Dose

Missing Word
Lizzo Songs

Get the Picture
The Longest Rivers

Remove Ads.
Support Sporcle.
Get the best of Sporcle when you Go Orange. This ad-free experience offers more features, more stats, and more fun while also helping to support Sporcle. Thank you for becoming a member.

You're not logged in!

Compare scores with friends on all Sporcle quizzes.
OR
Log In

Show Comments

Extras

Top Quizzes Today


Score Distribution

Your Account Isn't Verified!

In order to create a playlist on Sporcle, you need to verify the email address you used during registration. Go to your Sporcle Settings to finish the process.

Report this User

Report this user for behavior that violates our Community Guidelines.

Details: